01143nam a2200241Ia 4500001000600000003000900006008004100015040001300056040001300069041001300082100001900095100002900114245004800143245007200191250001100263260000900274260001300283260004900296300005700345500043300402650003500835650003100870H4214IT-RoPAU130308s9999 xx 000 0 und d aIT-RoPAU cIT-RoPAU aITALIANO aCortella Lucio gCodice Aut. SPICS: 57569 aComunicare le cose. Adorno e il linguaggio  bComunicazione (La) - Cio' che si Dice e Cio' che Non si Lascia Dire a1a ed. aROMA bDonzelli c2003 [1° Ed.:2003 - Ed.Ling.Originale:2003] a"11 p. (prefazione: no ; testo: 11 [pagine: 65-75])" aAdorno Evidenzia quella che gli Appare la caratteristica Fondamentale della Ragione, Vale a Dire la tendenza a Definire le Cose, a Identificarle con Qualcosa di Stabile e di Preciso e Ad Escludere la Minacciosa Intrusione dell'Altro. L'Intento di Adorno è Quello di smascherare Questa Pretesa D'Identita': Essa, Benche' Mossa Dall'Esigenza di Dire l'essenza Ultima e Definitiva della Cosa, finisce per Stravolgerne la Natura. aSAGGI DI COMUNICAZIONE SOCIALE eCodice materia Spics: 3807